| 000 | 00699nam a2200181Ia 4500 | ||
|---|---|---|---|
| 008 | 151018s9999 xx 000 0 und d | ||
| 082 |
_bRBASDV33632 _a954 |
||
| 100 | _aविजेंद्र पाल सिंह | ||
| 245 | _aभारतीय राष्ट्रीय आंदोलन | ||
| 250 | _b1 | ||
| 260 |
_bमोनू प्रकाशन _c1999 |
||
| 300 | _a146 | ||
| 600 | _aविजेंद्र पाल सिंह | ||
| 630 | _aभारतीय राष्ट्रीय आंदोलन | ||
| 700 | _aविजेंद्र पाल सिंह | ||
| 730 | _aभारतीय राष्ट्रीय आंदोलन | ||
| 942 | _cBOOK | ||
| 999 |
_c1033137 _d1033134 |
||